| 000 | 00586 a2200169 4500 | ||
|---|---|---|---|
| 005 | 20260427151138.0 | ||
| 008 | 260420b |||||||| |||| 00| 0 eng d | ||
| 020 | _a9789354828898 | ||
| 080 |
_a89M-94 _bGAR/G |
||
| 100 | _aGarcia,Rodrigo | ||
| 245 | _aGaboykkum mercedezinum oru yathramozhi(ഗാബോയ്ക്കും മെർസെസിനും ഒരു യാത്രാമൊഴി) | ||
| 260 |
_bD C books. _aKottayam. _c2022. |
||
| 300 | _a144p. | ||
| 653 | _aMemories-Spanish Literature-Malayalam Translation | ||
| 700 | _aMangad Rathnakaran;tr.by | ||
| 942 | _cBK | ||
| 999 |
_c115301 _d115300 |
||